Hauptstädte, die mit J Beginnen - Statistiken

Allgemein
  • Dieses Quiz wurde 117 mal gespielt
    70 seit der letzten Aktualisierung
  • Das Durchschnittsergebnis liegt bei 4 aus 5
Antwortstatistiken
Kontinent Hauptstadt % Korrekt
Asien Jakarta
98%
Asien Jerewan
84%
Asien Jerusalem
81%
Afrika Jaunde
79%
Afrika Juba
70%
Keine übereinstimmenden Quizze gefunden
Verteilung der Resultate
Anzahl Personen mit jedem Resultat
Perzentil nach korrekt beantworteten Fragen
Ihre Resultats-Entwicklung
Sie haben dieses Quiz seit der letzten Aktualisierung nicht gespielt